00334nam a2200133Ia 450000500170000000800410001704100080005808200150006610000210008124500250010226000390012730000090016665000250017520250729165730.0250729s2007 xx 000 0 und d akan a340.6 KONJ aDr.N.B.Kongawada aJanasankya Shikshana aGadagbVidyanidhi Prakashanac2007 a277p aPopulation Education